000 00542nam a2200193Ia 4500
003 GCL
008 140319s9999 xx 000 0 eng d
040 _aGCL /
_cGCL
082 0 4 _a371.2
_bH P
100 1 _aHART, ANNWEAVER
245 1 0 _aTHE PRINCIPALSHIP: A THEORY OF PROFESSIONAL LEARNING AND PRACTICE /
_cHART, ANNWEAVER
700 1 _aBREDESON, PAUL V
260 _a[S.N] :
_bMC GRAW - HILL ،
_c1996
300 _a315 P
650 0 4 _aEDUCATIONAL LEADERSHIP
650 0 4 _aSCHOOL PRINCIPALS
650 0 4 _aEDUCATION
942 _2ddc
_cBK
999 _c13141
_d13141